All Time Worldwide Box Office for Walt Disney Movies - Statistics

General Stats
  • This quiz has been taken 54 times
  • The average score is 9 of 20
Answer Stats
Worldwide
Box Office
Answer Released % Correct
$1,270,089,468 Frozen 2013
69%
$2,717,503,922 Avengers: Endgame 2019
64%
$1,451,653,316 Frozen II 2019
62%
$1,698,831,782 Inside Out 2 2024
62%
$1,515,100,211 The Avengers 2012
62%
$1,068,879,522 Toy Story 3 2010
62%
$2,048,359,754 Avengers: Infinity War 2018
56%
$1,661,454,403 The Lion King 2019
54%
$1,071,177,215 Toy Story 4 2019
54%
$2,056,046,835 Star Wars Ep. VII: The Force Awakens 2015
46%
$1,395,316,979 Avengers: Age of Ultron 2015
41%
$1,260,691,100 Beauty and the Beast 2017
38%
$1,334,157,082 Black Panther 2018
38%
$1,151,899,586 Captain America: Civil War 2016
38%
$1,338,071,348 Deadpool & Wolverine 2024
33%
$1,214,630,956 Iron Man 3 2013
33%
$1,322,581,071 Star Wars Ep. VIII: The Last Jedi 2017
33%
$1,069,951,814 Star Wars: The Rise of Skywalker 2019
31%
$1,242,805,359 Incredibles 2 2018
28%
$1,129,576,094 Captain Marvel 2019
23%
No matching quizzes found
Score Distribution
Percent of People with Each Score
Percentile by Number Answered
Your Score History
You have not taken this quiz